[Event "Titled Tuesday intern op 12th Jul Early"]
[Site "Chess.com INT"]
[Date "2022.07.12"]
[Round "10"]
[White "Roman, Rodrigo"]
[Black "Piliczewski, Bogusz"]
[Result "1-0"]
[WhiteElo "2078"]
[BlackElo "1950"]
[PlyCount "51"]
[EventDate "2022.07.12"]
[EventType "swiss (blitz)"]
[EventRounds "11"]
[EventCountry "USA"]
[SourceTitle "EXT 2023"]
[Source "ChessBase"]
[SourceDate "2022.10.05"]
[SourceVersion "1"]
[SourceVersionDate "2022.10.05"]
[SourceQuality "1"]

1. e4 c6 2. d4 d5 3. e5 c5 4. dxc5 e6 5. b4 a5 6. c3 b6 7. Bb5+ Bd7 8. Qa4 bxc5 9. Nf3 cxb4 10. 0-0 Bxb5 11. Qxb5+ Qd7 12. Qd3 Bc5 13. Be3 Bxe3 14. fxe3 Nc6 15. e4 Nge7 16. Ng5 Nxe5 17. Qg3 f6 18. Nd2 bxc3 19. Nb3 0-0 20. Nc5 Qa7 21. Ngxe6 Rf7 22. Rxf6 N5g6 23. Rxf7 Kxf7 24. Rf1+ Kg8 25. Qxc3 Rc8 26. Qxg7# 1-0